000
00297nam a22001337a 4500
008
181003b xxu||||| |||| 00| 0 eng d
020
_a
0023534303
041
_a
eng
080
_a
316
100
_a
50
101
_a
SOC
245
_a
Structured Social Inequality
_c
Heller.C.S
942
_2
udc
_c
BK
999
_c
48803
_d
48803